| 000 | 00719nam a2200229 i 4500 | ||
|---|---|---|---|
| 001 | bg | ||
| 245 | 0 | 0 |
_aElementy makroekonomii / _cAgnieszka Becla [et al. ; red. merytor. Stanisław Czaja, Agnieszka Becla]. |
| 260 |
_aWrocław : _b"I-BiS", _c2002. |
||
| 300 |
_a398 s. : _bil. ; _c24 cm. |
||
| 504 | _aBibliogr. | ||
| 650 | 9 | _aMakroekonomia | |
| 655 | _aPodręczniki akademickie | ||
| 700 | 1 |
_aBECLA, Agnieszka. _eRed. |
|
| 700 | 1 |
_aCZAJA, Stanisław _d(1957- ). _eRed. |
|
| 015 | _aPB 6604/2002 | ||
| 040 | _cBPK | ||
| 041 | 0 | _apol | |
| 080 | _a330.101.541(075.8) | ||
| 942 | _cKS | ||
| 008 | s pl f |000 0 pol | ||
| 999 |
_c46000 _d46000 |
||
| 856 |
_uhttp://koha.tu.koszalin.pl/cgi-bin/koha/opac-detail.pl?biblionumber=46000 _yKatalog online BPK |
||